Library Banner

An atlas of human prenatal developmental mechanics anatomy and staging / (Record no. 138784)

MARC details
000 -LEADER
fixed length control field 00550nam a22001817a 4500
005 - DATE AND TIME OF LATEST TRANSACTION
control field 20251006104931.0
008 - FIXED-LENGTH DATA ELEMENTS--GENERAL INFORMATION
fixed length control field 251006b |||||||| |||| 00| 0 eng d
020 ## - INTERNATIONAL STANDARD BOOK NUMBER
International Standard Book Number 1842141333
040 ## - CATALOGING SOURCE
Transcribing agency PK-LaUMT
082 ## - DEWEY DECIMAL CLASSIFICATION NUMBER
Classification number 612.64
Item number JIR-A
100 ## - MAIN ENTRY--PERSONAL NAME
Personal name Jirasek, Jan E.
245 ## - TITLE STATEMENT
Title An atlas of human prenatal developmental mechanics anatomy and staging /
Statement of responsibility, etc by Jan E. Jirasek
260 ## - PUBLICATION, DISTRIBUTION, ETC. (IMPRINT)
Place of publication, distribution, etc London :
Name of publisher, distributor, etc Taylor & Francis,
Date of publication, distribution, etc 2004
300 ## - PHYSICAL DESCRIPTION
Extent 298 p.
650 ## - SUBJECT ADDED ENTRY--TOPICAL TERM
Topical term or geographic name as entry element Human embryology-Atlases
650 ## - SUBJECT ADDED ENTRY--TOPICAL TERM
Topical term or geographic name as entry element Human anatomy-Atlases
942 ## - ADDED ENTRY ELEMENTS (KOHA)
Koha item type Books
Holdings
Withdrawn status Lost status Damaged status Home library Current library Date acquired Full call number Barcode Date last seen Price effective from Koha item type
      UMT Health Sciences Campus UMT Health Sciences Campus 2025-10-06 612.64 JIR-A 150869 2025-10-06 2025-10-06 Books